000 00464cam a22001457a 4500
008 180718b1987 xxu||||| |||| 00| 0 eng d
082 _aAPPPA 86-87 RAO
100 _aRao, J.S.
245 _aPerspective planning for poverty alleviation gandhian approach
_cby J.S. Rao
260 _aNew Delhi
_bIndian Institute of Public Administration
_c1987
300 _a415+p.
650 _aGandhian approach
650 _aPoverty alleviation
650 _aPerspective planning
999 _c501435
_d501435